Learning Analytics : Research Study.

Bibliographic Details
Main Author: Volungevičienė, Airina.
Format: eBook
Language:English
Published: Warschau/Berlin : Walter de Gruyter GmbH, 2021.
Edition:1st ed.
Subjects:
Online Access:Click to View
LEADER 01673nam a22003493i 4500
001 EBC7014256
003 MiAaPQ
005 20231204023225.0
006 m o d |
007 cr cnu||||||||
008 231204s2021 xx o ||||0 eng d
020 |a 9788366675643  |q (electronic bk.) 
035 |a (MiAaPQ)EBC7014256 
035 |a (Au-PeEL)EBL7014256 
035 |a (OCoLC)1330934976 
040 |a MiAaPQ  |b eng  |e rda  |e pn  |c MiAaPQ  |d MiAaPQ 
100 1 |a Volungevičienė, Airina. 
245 1 0 |a Learning Analytics :  |b Research Study. 
250 |a 1st ed. 
264 1 |a Warschau/Berlin :  |b Walter de Gruyter GmbH,  |c 2021. 
264 4 |c {copy}2021. 
300 |a 1 online resource (200 pages) 
336 |a text  |b txt  |2 rdacontent 
337 |a computer  |b c  |2 rdamedia 
338 |a online resource  |b cr  |2 rdacarrier 
505 0 |a 9788366675643-fm.pdf -- 9788366675643-toc.pdf -- 9788366675643-001.pdf -- 9788366675643-002.pdf -- 9788366675643-003.pdf -- 9788366675643-004.pdf -- 9788366675643-005.pdf -- 9788366675643-006.pdf -- 9788366675643-007.pdf. 
588 |a Description based on publisher supplied metadata and other sources. 
590 |a Electronic reproduction. Ann Arbor, Michigan : ProQuest Ebook Central, 2023. Available via World Wide Web. Access may be limited to ProQuest Ebook Central affiliated libraries.  
655 4 |a Electronic books. 
776 0 8 |i Print version:  |a Volungevičienė, Airina  |t Learning Analytics: a Metacognitive Tool to Engage Students  |d Warschau/Berlin : Walter de Gruyter GmbH,c2021 
797 2 |a ProQuest (Firm) 
856 4 0 |u https://ebookcentral.proquest.com/lib/matrademy/detail.action?docID=7014256  |z Click to View